Loading...
| Fine Arts - Other | 0 | 3 | 0 | 1 | 30 | 69 | 103.00 | 0 | 1 | 6.95 | 21.00 |
| Fine Arts - Visual | 0 | 2 | 0 | 0 | 20 | 97 | 110.00 | 0 | 0 | 2.97 | 9.00 |
| Literature - American | 0 | 2 | 0 | 0 | 20 | 140 | 143.50 | 0 | 0 | 0.00 | 5.25 |
| Mythology | 0 | 2 | 0 | 0 | 20 | 27 | 53.00 | 1 | 1 | 12.01 | 15.00 |
| History - American | 0 | 2 | 0 | 0 | 20 | 61 | 86.50 | 1 | 1 | 6.63 | 14.00 |
| History - Other | 0 | 2 | 0 | 2 | 20 | 114 | 115.00 | 0 | 0 | 1.66 | 11.00 |
| Religion | 0 | 1 | 0 | 0 | 10 | 51 | 51.00 | 0 | 1 | 5.36 | 6.00 |
| History - European | 0 | 1 | 0 | 1 | 10 | 127 | 127.00 | 0 | 0 | -0.24 | 2.00 |
| History - World | 0 | 1 | 0 | 1 | 10 | 125 | 125.00 | 0 | 0 | 0.08 | 5.00 |
| Literature - European | 0 | 1 | 0 | 0 | 10 | 136 | 136.00 | 0 | 0 | 0.49 | 3.00 |
| Fine Arts - Classical Music | 0 | 1 | 0 | 0 | 10 | 48 | 48.00 | 0 | 1 | 6.00 | 8.00 |
| Literature - British | 0 | 0 | 1 | 0 | -5 | 0.00 | 0 | 0 | 0.00 | 0.00 |